000 00234nam a22001097a 4500
020 _a0720430801
082 _a330.9730924 BRO
100 _aFROMM, Gary
245 _aPerspective and recent Developments
260 _a1977
942 _cBK
999 _c14320
_d14320